ALL PLAYABLE Mario Kart Characters - Statistics

General Stats
  • This quiz has been taken 51 times
  • The average score is 203 of 498
Answer Stats
Hint Answer % Correct
Mario Kart 64 | Mario Kart 7 | Mario Kart 8 | +11 others Mario
100%
Mario Kart 64 | Mario Kart 7 | Mario Kart 8 | +11 others Luigi
97%
Mario Kart 64 | Mario Kart 7 | Mario Kart 8 | +9 others Bowser
94%
Mario Kart 64 | Mario Kart 7 | Mario Kart 8 | +9 others Donkey Kong
94%
Mario Kart 64 | Mario Kart 7 | Mario Kart 8 | +11 others Peach
94%
Mario Kart 64 | Mario Kart 7 | Mario Kart 8 | +11 others Toad
91%
Mario Kart 64 | Mario Kart 7 | Mario Kart 8 | +9 others Wario
91%
Mario Kart 64 | Mario Kart 7 | Mario Kart 8 | +11 others Yoshi
88%
Mario Kart 7 | Mario Kart 8 | Mario Kart 8 Deluxe | +4 others Daisy
85%
Mario Kart 7 | Mario Kart 8 | Mario Kart 8 Deluxe | +3 others Koopa
82%
Mario Kart 8 | Mario Kart 8 Deluxe | Mario Kart Arcade GP 2 | +5 others Waluigi
82%
Mario Kart 8 Deluxe DLC 6 | Mario Kart Double Dash | Mario Kart Tour | Mario Kart Wii Diddy Kong
79%
Mario Kart 8 Deluxe | Mario Kart Arcade GP DX Base | Mario Kart Double Dash | +2 others Bowser Jr
76%
Mario Kart 8 | Mario Kart 8 Deluxe | Mario Kart Double Dash | +2 others Baby Luigi
71%
Mario Kart 8 | Mario Kart 8 Deluxe | Mario Kart Arcade GP DX Base | +3 others Baby Mario
71%
Mario Kart 8 Deluxe DLC 6 | Mario Kart Tour | Mario Kart Wii Funky Kong
71%
Mario Kart 8 DLC 1 | Mario Kart 8 Deluxe Link
71%
Mario Kart 8 | Mario Kart 8 Deluxe | Mario Kart Double Dash | +2 others Toadette
71%
Mario Kart 8 | Mario Kart 8 Deluxe | Mario Kart Arcade GP DX Base | +2 others Baby Peach
68%
Mario Kart 8 Deluxe DLC 4 | Mario Kart Double Dash | Mario Kart Tour | Mario Kart Wii Birdo
68%
Mario Kart 7 | Mario Kart 8 | Mario Kart 8 Deluxe | +2 others Metal Mario
68%
Mario Kart 8 | Mario Kart 8 Deluxe | Mario Kart Tour | Mario Kart Wii Baby Daisy
65%
Mario Kart 8 Deluxe | Mario Kart DS | Mario Kart Tour | Mario Kart Wii Dry Bones
65%
Mario Kart 7 | Mario Kart 8 | Mario Kart 8 Deluxe | +3 others Rosalina
65%
Super Mario Kart Donkey Kong Jr
62%
Mario Kart 8 DLC 2 | Mario Kart 8 Deluxe | Mario Kart Arcade GP DX Variation | +2 others Dry Bowser
62%
Mario Kart 7 | Mario Kart 8 | Mario Kart 8 Deluxe | Mario Kart Tour Shy Guy
62%
Mario Kart 8 | Mario Kart 8 Deluxe Mii
59%
Mario Kart 8 Deluxe | Mario Kart Double Dash | Mario Kart Tour | Mario Kart Wii King Boo
56%
Mario Kart 8 DLC 2 | Mario Kart 8 Deluxe Villager
56%
Mario Kart 8 | Mario Kart 8 Deluxe | Mario Kart Tour Baby Rosalina
50%
Mario Kart Tour Iggy
47%
Mario Kart 7 | Mario Kart 8 | Mario Kart 8 Deluxe | Mario Kart Tour Lakitu
47%
Mario Kart Tour Ludwig
47%
Mario Kart 8 DLC 2 | Mario Kart 8 Deluxe Isabelle
44%
Mario Kart Tour Wendy
44%
Mario Kart 7 | Mario Kart 8 Deluxe DLC 5 Wiggler
44%
Mario Kart Tour Larry
41%
Mario Kart 8 Deluxe DLC 6 | Mario Kart Tour Pauline
41%
Mario Kart 8 Deluxe DLC 5 | Mario Kart Double Dash | Mario Kart Tour Petey Piranha
41%
Mario Kart Tour Roy
41%
Mario Kart 8 DLC 1 | Mario Kart 8 Deluxe | Mario Kart Tour Cat Peach
38%
Mario Kart 8 Deluxe | Mario Kart Arcade GP DX Variation Gold Mario
38%
Mario Kart Tour Lemmy
38%
Mario Kart Tour Morton
38%
Mario Kart 8 | Mario Kart 8 Deluxe | Mario Kart Tour Pink Gold Peach
38%
Mario Kart 8 DLC 1 | Mario Kart 8 Deluxe | Mario Kart Tour Tanooki Mario
38%
Mario Kart 8 Deluxe Inkling Boy
35%
Mario Kart 8 Deluxe Inkling Girl
35%
Mario Kart 8 Deluxe DLC 5 | Mario Kart Tour Kamek
35%
Mario Kart DS R.O.B
32%
Mario Kart Tour Dixie Kong
26%
Mario Kart Tour Hammer Bro
26%
Mario Kart 7 Honey Queen
26%
Mario Kart 8 Deluxe DLC 6 | Mario Kart Tour Peachette
26%
Mario Kart Arcade GP | Mario Kart Arcade GP 2 | Mario Kart Arcade GP DX Base Pacman
24%
Mario Kart Tour Koopa Troopa
21%
Mario Kart Tour Monty Mole
21%
Mario Kart Tour Nabbit
21%
Mario Kart 8 DLC Both | Mario Kart 8 Deluxe | Mario Kart Tour Black Yoshi
18%
Mario Kart 8 DLC Both | Mario Kart 8 Deluxe | Mario Kart Tour Blue Yoshi
18%
Mario Kart 8 DLC Both | Mario Kart 8 Deluxe Light Blue Yoshi
18%
Mario Kart 8 DLC Both | Mario Kart 8 Deluxe | Mario Kart Tour Red Yoshi
18%
Mario Kart 8 DLC Both | Mario Kart 8 Deluxe | Mario Kart Tour White Yoshi
18%
Mario Kart 8 DLC Both | Mario Kart 8 Deluxe Yellow Yoshi
18%
Mario Kart Arcade GP | Mario Kart Arcade GP 2 Blinky
15%
Mario Kart 8 DLC Both | Mario Kart 8 Deluxe | Mario Kart Tour Blue Shy Guy
15%
Mario Kart Tour Captain Toad
15%
Mario Kart Tour Cat Mario
15%
Mario Kart 8 DLC Both | Mario Kart 8 Deluxe | Mario Kart Tour Green Shy Guy
15%
Mario Kart Tour King Bob omb
15%
Mario Kart Arcade GP | Mario Kart Arcade GP 2 Ms Pacman
15%
Mario Kart 8 DLC Both | Mario Kart 8 Deluxe | Mario Kart Arcade GP DX Variation | Mario Kart Tour Orange Yoshi
15%
Mario Kart 8 DLC Both | Mario Kart 8 Deluxe | Mario Kart Tour Pink Yoshi
15%
Mario Kart 8 DLC Both | Mario Kart 8 Deluxe White Shy Guy
15%
Mario Kart 8 DLC Both | Mario Kart 8 Deluxe | Mario Kart Tour Black Shy Guy
12%
Mario Kart Arcade GP DX Variation Blue Toad
12%
Mario Kart Tour Chargin Chuck
12%
Mario Kart Arcade GP DX Base Don chan
12%
Mario Kart Tour Dr Mario
12%
Mario Kart 8 DLC Both | Mario Kart 8 Deluxe | Mario Kart Tour Light Blue Shy Guy
12%
Mario Kart Tour Meowser
12%
Mario Kart 8 DLC Both | Mario Kart 8 Deluxe Orange Shy Guy
12%
Mario Kart 8 DLC Both | Mario Kart 8 Deluxe | Mario Kart Tour Pink Shy Guy
12%
Mario Kart 8 Deluxe DLC 4 | Mario Kart Tour Yellow Birdo
12%
Mario Kart 8 DLC Both | Mario Kart 8 Deluxe Yellow Shy Guy
12%
Mario Kart 8 Deluxe DLC 4 Black Birdo
9%
Mario Kart 8 Deluxe DLC 4 | Mario Kart Tour Blue Birdo
9%
Mario Kart Tour Boomerang Bro
9%
Mario Kart Tour Builder Luigi
9%
Mario Kart Tour Builder Mario
9%
Mario Kart Tour Builder Toad
9%
Mario Kart Tour Cat Luigi
9%
Mario Kart Tour Cat Toad
9%
Mario Kart Tour Daisy Holiday Cheer
9%
Mario Kart Tour Dry Bones Gold
9%
Mario Kart Tour Dry Bowser Gold
9%
Mario Kart Tour Fire Bro
9%
Mario Kart Tour Gold Koopa Freerunning
9%
Mario Kart 8 Deluxe DLC 4 Green Birdo
9%
Mario Kart Tour Ice Bro
9%
Mario Kart Tour Ice Mario
9%
Mario Kart Tour King Boo Gold
9%
Mario Kart 8 Deluxe DLC 4 | Mario Kart Tour Light Blue Birdo
9%
Mario Kart Tour Luigi Classic
9%
Mario Kart Tour Luigi Lederhosen
9%
Mario Kart Arcade GP 2 Mametchi
9%
Mario Kart Tour Mario Classic
9%
Mario Kart Tour Mario Halloween
9%
Mario Kart Tour Mario Musician
9%
Mario Kart Tour Mario Santa
9%
Mario Kart Double Dash Paratrooper
9%
Mario Kart Tour Peach Kimono
9%
Mario Kart Tour Toad Pit Crew
9%
Mario Kart 8 Deluxe DLC 4 | Mario Kart Tour White Birdo
9%
Mario Kart Tour Baby Peach Cherub
6%
Mario Kart Tour Baby Rosalina Detective
6%
Mario Kart Tour Bowser Santa
6%
Mario Kart Tour Cat Rosalina
6%
Mario Kart Tour Chargin Chuck Gold
6%
Mario Kart Tour Daisy Fairy
6%
Mario Kart Arcade GP DX Variation Fire Mario
6%
Mario Kart Arcade GP DX Variation Gray Yoshi
6%
Mario Kart Tour King Bob omb Gold
6%
Mario Kart Tour King Boo Luigis Mansion
6%
Mario Kart Tour Mario Chef
6%
Mario Kart Tour Mario Hakama
6%
Mario Kart Tour Mario Happi
6%
Mario Kart Tour Mario SNES
6%
Mario Kart Wii Mii Outfit A
6%
Mario Kart Wii Mii Outfit B
6%
Mario Kart 8 Deluxe DLC 4 Orange Birdo
6%
Mario Kart Tour Pauline Party Time
6%
Mario Kart Tour Pauline Rose
6%
Mario Kart Tour Peach Vacation
6%
Mario Kart Tour Peach Wintertime
6%
Mario Kart Tour Penguin Luigi
6%
Mario Kart Tour Penguin Toad
6%
Mario Kart 8 Deluxe DLC 4 Red Birdo
6%
Mario Kart Tour Red Koopa Freerunning
6%
Mario Kart Tour Rosalina Halloween
6%
Mario Kart Tour Yoshi Reindeer
6%
Mario Kart Tour Baby Mario Koala
3%
Mario Kart Tour Birdo Black
3%
Mario Kart Tour Blue Koopa Freerunning
3%
Mario Kart Super Circuit Boswer
3%
Mario Kart Tour Builder Toadette
3%
Mario Kart Tour Dr Luigi
3%
Mario Kart Tour Dr Peach
3%
Mario Kart Tour Fire Rosalina
3%
Mario Kart Tour Green Toad Pit Crew
3%
Mario Kart Arcade GP DX Variation Ice Luigi
3%
Mario Kart 8 | Mario Kart 8 Deluxe Iggy Koopa
3%
Mario Kart 8 | Mario Kart 8 Deluxe Larry Koopa
3%
Mario Kart 8 | Mario Kart 8 Deluxe Lemmy Koopa
3%
Mario Kart 8 Ludwig von Koopa
3%
Mario Kart 8 Deluxe Ludwig von koopa
3%
Mario Kart Tour Mario Satellaview
3%
Mario Kart Tour Mario Tuxedo
3%
Mario Kart 8 | Mario Kart 8 Deluxe Morton Koopa Jr
3%
Mario Kart Tour Peach Halloween
3%
Mario Kart Tour Peach Wedding
3%
Mario Kart Tour Penguin Mario
3%
Mario Kart Tour Penguin Toadette
3%
Mario Kart Tour Petey Piranha Gold
3%
Mario Kart Tour Rosalina Aurora
3%
Mario Kart 8 | Mario Kart 8 Deluxe Roy Koopa
3%
Mario Kart Tour Shy Guy Ninja
3%
Mario Kart Tour Shy Guy Pastry Chef
3%
Mario Kart Arcade GP DX Variation Strawberry don chan
3%
Mario Kart Tour Toad Party Time
3%
Mario Kart Tour Waluigi Bus Driver
3%
Mario Kart Tour Wario Cowboy
3%
Mario Kart Tour Wario Hiker
3%
Mario Kart 8 | Mario Kart 8 Deluxe Wendy O Koopa
3%
Mario Kart Tour Yellow Toad Pit Crew
3%
Mario Kart Tour Yoshi Egg Hunt
3%
Mario Kart Tour Birdo Mii Racing Suit
0%
Mario Kart Tour Black Mii Racing Suit
0%
Mario Kart Tour ? Block Mii Racing Suit
0%
Mario Kart Tour Bowser Jr Pirate
0%
Mario Kart Tour Bowser Mii Racing Suit
0%
Mario Kart Arcade GP DX Variation Brave Don chan
0%
Mario Kart Tour Bronze Mii Racing Suit
0%
Mario Kart Tour Castle Mii Racing Suit
0%
Mario Kart Tour Cat Mii Racing Suit
0%
Mario Kart Tour Chain Chomp Mii Racing Suit
0%
Mario Kart Tour Cheep Cheep Mii Racing Suit
0%
Mario Kart Tour Daisy Farmer
0%
Mario Kart Tour Daisy Sailor
0%
Mario Kart Tour Daisy Swimwear
0%
Mario Kart Tour Daisy Thai Dress
0%
Mario Kart Tour Daisy Yukata
0%
Mario Kart Tour Dolphin Mii Racing Suit
0%
Mario Kart Tour Donkey Kong Jr SNES
0%
Mario Kart Tour Donkey Kong Mii Racing Suit
0%
Mario Kart Tour Dr Bowser
0%
Mario Kart Tour Dry Bones Mii Racing Suit
0%
Mario Kart Tour Dry Bowser Mii Racing Suit
0%
Mario Kart Tour Gold Mii Racing Suit
0%
Mario Kart Tour Goomba Mii Racing Suit
0%
Mario Kart Tour Green Mii Racing Suit
0%
Mario Kart Tour Hammer Bro Mii Racing Suit
0%
Mario Kart Tour Ice cream Mii Racing Suit
0%
Mario Kart Tour King Bob omb Mii Racing Suit
0%
Mario Kart Tour King Boo Mii Racing Suit
0%
Mario Kart Tour Kitsune Luigi
0%
Mario Kart Tour Lakitu Party Time
0%
Mario Kart Tour Larry Wintertime
0%
Mario Kart Tour Light Blue Toad Pit Crew
0%
Mario Kart Tour Luigi Chef
0%
Mario Kart Tour Luigi Golf
0%
Mario Kart Tour Luigi Knight
0%
Mario Kart Tour Luigi Mii Racing Suit
0%
Mario Kart Tour Luigi Painter
0%
Mario Kart Tour Luigi Vacation
0%
Mario Kart Tour Mario Aviator
0%
Mario Kart Tour Mario Baseball
0%
Mario Kart Tour Mario Golf
0%
Mario Kart Tour Mario King
0%
Mario Kart Tour Mario Mii Racing Suit
0%
Mario Kart Tour Mario Racing
0%
Mario Kart Tour Mario Samurai
0%
Mario Kart Tour Mario Sunshine
0%
Mario Kart Tour Mario Swimwear
0%
Mario Kart Tour Moo Moo Mii Racing Suit
0%
Mario Kart Tour Nabbit Mii Racing Suit
0%
Mario Kart Tour Pastry Chef Mii Racing Suit
0%
Mario Kart Tour Peach Explorer
0%
Mario Kart Tour Peach Happi
0%
Mario Kart Tour Peach Mii Racing Suit
0%
Mario Kart Tour Peach Yukata
0%
Mario Kart Tour Petey Piranha Mii Racing Suit
0%
Mario Kart Tour Pink Shy Guy Ninja
0%
Mario Kart Tour Purple Koopa Freerunning
0%
Mario Kart Tour Red Mii Racing Suit
0%
Mario Kart Tour Red Toad Pit Crew
0%
Mario Kart Tour Reindeer Mii Racing Suit
0%
Mario Kart Tour Rocky Wrench Mii Racing Suit
0%
Mario Kart Tour Rosalina Chef
0%
Mario Kart Tour Rosalina Mii Racing Suit
0%
Mario Kart Tour Rosalina Swimwear
0%
Mario Kart Tour Rosalina Voldendam
0%
Mario Kart Tour Santa Mii Racing Suit
0%
Mario Kart Tour Shy Guy Gold
0%
Mario Kart Tour Silver Mii Racing Suit
0%
Mario Kart Tour Tanooki Rosalina
0%
Mario Kart Tour Toadette Explorer
0%
Mario Kart Tour Toadette Sailor
0%
Mario Kart Tour Toad Mii Racing Suit
0%
Mario Kart Tour Waluigi Vampire
0%
Mario Kart Tour Wario Mii Racing Suit
0%
Mario Kart Tour White Mii Racing Suit
0%
Mario Kart Tour White Tanooki Mario
0%
Mario Kart Tour Yellow Mii Racing Suit
0%
Mario Kart Tour Yoshi Gold Egg
0%
Mario Kart Tour Yoshi Kangaroo
0%
Mario Kart Tour Yoshi Mii Racing Suit
0%
No matching quizzes found
Score Distribution
Percent of People with Each Score
Percentile by Number Answered
Your Score History
You have not taken this quiz